<?xml version="1.0" encoding="UTF-8"?>
<collection xmlns="http://www.loc.gov/MARC21/slim">
 <record>
  <leader>01278pamaa2200205   4500</leader>
  <controlfield tag="001">0000045153</controlfield>
  <controlfield tag="005">20130314090000.0</controlfield>
  <controlfield tag="008">090507                             eng  </controlfield>
  <datafield tag="020" ind1="0" ind2="0">
   <subfield code="a">9780071280846 / 0071280847 (pbk.) </subfield>
  </datafield>
  <datafield tag="090" ind1="0" ind2="0">
   <subfield code="a">HM585 </subfield>
   <subfield code="b">SCH 2009</subfield>
  </datafield>
  <datafield tag="100" ind1="1" ind2="0">
   <subfield code="a">Schaefer </subfield>
  </datafield>
  <datafield tag="245" ind1="1" ind2="0">
   <subfield code="a">Sociology : </subfield>
   <subfield code="b">a brief introduction  </subfield>
   <subfield code="c">Richard T. Schaefer.</subfield>
  </datafield>
  <datafield tag="250" ind1="0" ind2="0">
   <subfield code="a">8th ed.</subfield>
  </datafield>
  <datafield tag="260" ind1="0" ind2="0">
   <subfield code="a">New York: </subfield>
   <subfield code="b">McGraw-Hill, </subfield>
   <subfield code="c">2009.</subfield>
  </datafield>
  <datafield tag="300" ind1=" " ind2=" ">
   <subfield code="a">xxx, 469 p.: </subfield>
   <subfield code="b">ill. (chiefly col.), col. maps; </subfield>
   <subfield code="c">28 cm..</subfield>
  </datafield>
  <datafield tag="501" ind1="0" ind2="0">
   <subfield code="a">FICT</subfield>
  </datafield>
  <datafield tag="504" ind1="0" ind2="0">
   <subfield code="a">Includes bibliographical references (p.427-778) and index</subfield>
  </datafield>
  <datafield tag="505" ind1="0" ind2="0">
   <subfield code="a">Understanding sociology -- Sociological research-- Culture -- Socialization and the life course -- Social&#13;
                  interaction, groups, and social structure -- The mass media&#13;
                  -- Deviance and social control -- Stratification and social&#13;
                  mobility in the United States -- Global inequality -- Racial&#13;
                  and ethnic inequality -- Stratification by gender -- The&#13;
                  family and intimate relationships -- Education and religion&#13;
                  -- Government and the economy -- Health, medicine, and the&#13;
                  environment -- Social change in the global community</subfield>
  </datafield>
  <datafield tag="650" ind1="0" ind2="0">
   <subfield code="a">Sociology </subfield>
  </datafield>
  <datafield tag="901" ind1=" " ind2=" ">
   <subfield code="u">www.mhhe.com</subfield>
  </datafield>
 </record>
</collection>
